Better Service Delivery for Inclusive Growth in the Dominican Republic

Gespeichert in:
Bibliographische Detailangaben
Format: Buch
Sprache:Englisch
Veröffentlicht: Paris OECD 2017
Schriftenreihe:OECD Public Governance Reviews
Schlagworte:
Tags: Tag hinzufügen
Keine Tags, Fügen Sie das erste Tag hinzu!

MARC

LEADER 00000nam a2200000 4500
001 0241441
005 20240314122732.8
020 |a 978-92-64-26413-7 
041 0 |a eng 
044 |a FR 
245 1 0 |a Better Service Delivery for Inclusive Growth in the Dominican Republic 
264 1 |a Paris  |b OECD  |c 2017 
300 |a 242 s. 
490 1 |a OECD Public Governance Reviews 
830 0 |a OECD Public Governance Reviews 
610 2 0 |a služby verejné 
610 2 0 |a kvalita služieb 
610 2 0 |a digitalizácia 
610 2 0 |a inovácia 
610 2 0 |a administratíva 
610 2 0 |a zjednodušenie práce 
610 2 0 |a regulácia 
610 2 0 |a reformy 
610 2 0 |a efektívnosť 
610 2 0 |a rast hospodársky 
610 2 0 |a Dominikánska republika